Mastering System Center 2012 Configuration Manager / (Record no. 34964)

MARC details
000 -LEADER
fixed length control field 01023cam a22003017i 4500
005 - DATE AND TIME OF LATEST TRANSACTION
control field 20240105093223.0
008 - FIXED-LENGTH DATA ELEMENTS--GENERAL INFORMATION
fixed length control field 111216s2012 njua 001 0 eng
010 ## - LIBRARY OF CONGRESS CONTROL NUMBER
LC control number 2011945673
020 ## - INTERNATIONAL STANDARD BOOK NUMBER
ISBN 9781118128985
040 ## - CATALOGING SOURCE
Original cataloging agency DLC
Language of cataloging eng
Transcribing agency DLC
Description conventions rda
Modifying agency DLC
082 ## - DEWEY DECIMAL CLASSIFICATION NUMBER
Classification number 005.36
Item number RAC-M
100 ## - MAIN ENTRY--AUTHOR
Author Name Rachui,Steve
245 00 - TITLE STATEMENT
Title Mastering System Center 2012 Configuration Manager /
Statement of responsibility, etc. Steve Rachui and 3 others.
260 ## - PUBLICATION, DISTRIBUTION, ETC.
Place of Publication Canada:
Name of publisher, distributor, etc. Wiley,
Date of publication, distribution, etc. 2012:
300 ## - PHYSICAL DESCRIPTION
Pages xxiii, 792 pages :
336 ## - CONTENT TYPE
Content type term text
Content type code txt
Source rdacontent
337 ## - MEDIA TYPE
Media type term unmediated
Media type code n
Source rdamedia
338 ## - CARRIER TYPE
Carrier type term volume
Carrier type code nc
Source rdacarrier
490 0# - SERIES STATEMENT
Series Statement SYBEX SERIOUS SKILLS
500 ## - GENERAL NOTE
General note Includes index.
650 #0 - SUBJECT ADDED ENTRY--TOPICAL TERM
Subject / Department Computer networks.
700 1# - ADDED ENTRY--PERSONAL NAME
Personal name Rachui, Steve,
264 #1 - PRODUCTION, PUBLICATION, DISTRIBUTION, MANUFACTURE, AND COPYRIGHT NOTICE
Place of production, publication, distribution, manufacture Hoboken, NJ ;
-- Indianapolis, Indiana :
Name of producer, publisher, distributor, manufacturer John Wiley & Sons, Inc.,
Date of production, publication, distribution, manufacture, or copyright notice [2012]
300 ## - PHYSICAL DESCRIPTION
-- illustrations ;
-- 24 cm.
906 ## - LOCAL DATA ELEMENT F, LDF (RLIN)
a 7
b cbc
c origres
d 4
e ncip
f 20
g y-gencatlg

No items available.

Powered by Koha